|
|
|
|
| LEADER |
00000nam a2200000 a 4500 |
| 001 |
vtls010680995 |
| 003 |
SK-MaSNL |
| 005 |
20260301215849.0 |
| 008 |
240318s2013 xo da e n 000 0 eng |
| 015 |
|
|
|a SNBA2015/06
|
| 020 |
|
|
|a 9788055313573
|q (brož.)
|
| 035 |
|
|
|a C3AA5ED6-6ABB-4BC3-9569-FD34D4C9A5A3
|
| 035 |
|
|
|a urn:nbn:sk:snk-amktr0
|
| 035 |
|
|
|a urn:nbn:sk:snk-am004s1q
|
| 040 |
|
|
|a SNK
|b slo
|c SNK
|e AACR2
|
| 041 |
0 |
|
|a eng
|
| 044 |
|
|
|a xo
|c SK
|
| 072 |
|
7 |
|a 622
|x Baníctvo
|2 konspekt
|
| 080 |
|
|
|a 622.7
|2 2001
|
| 080 |
|
|
|a (07)
|2 2001
|
| 100 |
1 |
|
|a Sisol, Martin
|4 aut
|9 421758
|
| 245 |
1 |
0 |
|a Mineral processing
|c Martin Sisol
|
| 250 |
|
|
|a 1. vyd.
|
| 260 |
|
|
|a V Košiciach
|b Technická univerzita, Fakulta BERG
|c 2013
|
| 300 |
|
|
|a [91] s.
|b grafy, ilustr., tab.
|c 29 cm
|
| 366 |
|
|
|e 50 výt.
|
| 504 |
|
|
|a Bibliogr. odkazy
|
| 650 |
0 |
7 |
|a spracovanie minerálnych látok
|2 SNKPH
|9 606254
|
| 650 |
0 |
7 |
|a Mineral processing
|2 SNKPHeng
|9 321617
|
| 655 |
|
7 |
|a učebné texty
|2 SNKPH
|9 70568
|
| 655 |
|
7 |
|a Educational texts
|2 SNKPHeng
|9 277375
|
| 752 |
|
|
|a Slovensko
|d Košice
|
| 919 |
|
|
|a 978-80-553-1357-3
|
| 958 |
|
|
|a NB
|
| 999 |
|
|
|c 929721
|d 931651
|
| 952 |
|
|
|a SNK
|b SNK
|y PREZ
|7 0
|p 17A1158811
|o snkSB 88330
|i snk2015/16493
|8 0
|0 0
|1 0
|4 0
|d 2015-05-22
|f 1
|l 0
|r 2025-05-13 00:00:00
|w 2026-02-24
|
| 952 |
|
|
|a SNK
|b SNK
|y VYP
|7 0
|p 17A1158812
|o snkSB 88330 D1
|i snk2015/16494
|8 0
|0 0
|1 0
|4 0
|d 2015-05-22
|l 0
|r 2026-02-24 08:44:51
|w 2026-02-24
|